| 000 | 00877nas a2200301 4500 | ||
|---|---|---|---|
| 001 | BR0901229 | ||
| 003 | BR-BrBNA | ||
| 005 | 20231205113203.0 | ||
| 007 | ta | ||
| 008 | 230509b bl.|||p| |||| 00| 00por d | ||
| 040 |
_aBR-BrBNA _bpor _cBiblioteca Nacional de Agricultura |
||
| 041 | _a(Pt) | ||
| 072 | _aF50 | ||
| 100 | 1 | _aKasat, G.F. | |
| 100 | 1 | _aMattiuz, B.H. | |
| 100 | 1 | _aOgassavara, F.O. | |
| 100 | 1 | _aBianco, M.S. | |
| 100 | 1 | _aMorgado, C.M.A. | |
| 100 | 1 | _aCunha Junior, L.C. | |
| 245 | 1 | _aInjúrias mecânicas e seus efeitos em pêssegos 'aurora-1' | |
| 650 | _aPRUNUS PERSICA | ||
| 650 | _aPÓS-COLHEITA | ||
| 650 | _aDANO MECÂNICO | ||
| 650 | _aPÊSSEGO | ||
| 773 | 0 |
_tRevista Brasileira de Fruticultura (Brazil) _xISSN 0100-2945 _g(Aug 2007), v. 29(2) p. 318-322 _wBR0901229 |
|
| 909 |
_a202311 _bLúcia _c55 _dLúcia Elande |
||
| 942 |
_2AGRIS _n0 _cANA |
||
| 999 |
_c202354 _d202354 |
||